00382pab a2200133 454500008004000000100001900040245009200059260000900151300001300160362001200173650002900185650002100214773001300235180718b2002 xxu||||| |||| 00| 0 eng d aMaitra, Shipra aMunicipal indebtedness and supply of services: some thoughts for financial management c2002 ap.32-40. aJul-Sep aFinancial administration aLocal government aNagarlok